Loading...
Storie of vikramaditya
| Main Author: | |
|---|---|
| Format: | Printed Book |
| Language: | English |
| Published: |
Bombay :
Bharatiya Vidya bhavan ,
1980.
|
| LEADER | 00464nam a22001337a 4500 | ||
|---|---|---|---|
| 008 | 160210b xxu||||| |||| 00| 0 eng d | ||
| 082 | |a 823.9231 AIY/S | ||
| 100 | |a Aiyer, V. A.K. | ||
| 245 | |a Storie of vikramaditya | ||
| 260 | |a Bombay : |b Bharatiya Vidya bhavan , |c 1980. | ||
| 300 | |a 275p. | ||
| 942 | |c BK | ||
| 999 | |c 192973 |d 192973 | ||
| 952 | |0 0 |1 0 |4 0 |6 823_923100000000000_AIY_S |7 0 |9 213001 |a ENG |b ENG |c ST1 |d 2016-02-10 |i 14377 |l 0 |o 823.9231 AIY/S |p ENG14377 |r 2016-02-10 |w 2016-02-10 |y BK | ||